| 000 | 00523nam a22001817a 4500 | ||
|---|---|---|---|
| 005 | 20240301145907.0 | ||
| 010 | _aENG-139522 | ||
| 020 |
_c375.00 _a978815400928 |
||
| 035 | _aEN-123054 | ||
| 037 | _bDBAD/PUB | ||
| 082 | _a625 | ||
| 100 |
_aR Srinivasa kumar _962692 |
||
| 245 |
_aintelligent Transportation System/ _hEnglish |
||
| 260 |
_aHimayatnagar _bUniversities Press Private Limited |
||
| 270 |
_bHyderabad _a3-6-752/1/A _e500029 |
||
| 300 |
_a141p. _c25cm(pbk) |
||
| 942 |
_2ddc _cEN _h625 _mINT |
||
| 999 |
_c201191 _d201191 |
||